El Futuro del socialismo, perspectivas desde Escandinavia y Africa: defensa de soluciones o definición de problemas /

Sin resumen

Պահպանված է:
Մատենագիտական մանրամասներ
Հիմնական հեղինակ: Himmelstrand, Ulf
Ձևաչափ: Տեքստ
Խորագրեր:
Ցուցիչներ: Ավելացրեք ցուցիչ
Չկան պիտակներ, Եղեք առաջինը, ով նշում է այս գրառումը!

MARC

LEADER 00000 a a2200000 04500
001 4244
003
040
090 |a REV0229 (33) 1990  
100 |a Himmelstrand, Ulf  
245 |a El Futuro del socialismo, perspectivas desde Escandinavia y Africa:   |b defensa de soluciones o definición de problemas /  |c Ulf Himmelstrand 
520 |a Sin resumen  
650 |a SOCIALISMO  
650 |a PAISES EN DESARROLLO  
650 |a CONDICIONES DE VIDA  
650 |a PROBLEMAS SOCIALES  
650 |a IDEOLOGIAS POLITICAS  
650 |a CAPITALISMO  
650 |a SOCIALISMO  
650 |a DESARROLLO ECONOMICO Y SOCIAL  
650 |a ESTRATEGIA DEL DESARROLLO  
650 |a MERCADO INTERNACIONAL  
650 |a ESTADO  
650 |a POLITICA GUBERNAMENTAL  
650 |a MARGINALIDAD  
650 |a DESEMP  
773 |g número 33; páginas 59-91  
999 |c 25627  |d 25627